| 000 | 00711cam a2200241 4500 | ||
|---|---|---|---|
| 001 | sa 68014518 | ||
| 003 | DLC | ||
| 005 | 20260227112632.0 | ||
| 008 | 700204s1964 pk ab b 000 0 eng | ||
| 010 | _asa 68014518 | ||
| 025 | _aPL480:P-E-1099 | ||
| 040 |
_aDLC _cDLC _dDLC |
||
| 050 | 0 | 0 |
_aTP324 _b.I8 |
| 100 | 1 | _aIshaq, S. M. | |
| 245 | 1 | 2 |
_aA study of the fuelwood problem in Pakistan, 1959, _cby S. M. Ishaq. |
| 260 |
_aPeshawar, _bPakistan Forest Research Institute, _c1964. |
||
| 300 |
_aiv, 86 p. _billus., maps (part fold., part col.) _c28 cm. |
||
| 350 | _agratis | ||
| 500 | _aCover title. | ||
| 504 | _aBibliography: p. 85-86. | ||
| 650 | 0 | _aFuelwood. | |
| 710 | 2 | _aPakistan Forest Institute. | |
| 999 |
_c85858 _d85858 |
||